| 000 | 00566nam a2200193Ia 4500 | ||
|---|---|---|---|
| 005 | 20250507130306.0 | ||
| 008 | 008 250505s9999 xx 000 0 eng d | ||
| 037 | _aSeries Article | ||
| 040 |
_aEASL _beng _cEASL |
||
| 041 |
_aeng _2eng |
||
| 084 | _qEASL | ||
| 100 |
_aWei Yang _9673974 |
||
| 245 | 0 | _aAdmiral zheng he's voyages to the "West Oceans" | |
| 260 |
_aUSA _bAnn Arbor Assocation for Asian Studies,Inc. USA. _c2014 |
||
| 300 | _a26-32pp. | ||
| 650 |
_aAsian Studies; West Oceans _9755102 |
||
| 942 | _cSRA | ||
| 999 |
_c1318813 _d1318813 |
||